000
00314nam a22001457a 4500
008
221006b ||||| |||| 00| 0 eng d
020
_a
9780205775903
041
_a
eng
080
_a
030
082
_a
030
100
_a
40.2
101
_a
ENC
245
_a
THINK WORLD RELIGIONS
_c
ROBSON .R.R
942
_2
udc
_c
BK
999
_c
58365
_d
58365